| 000 | 00399nam a22001697a 4500 | ||
|---|---|---|---|
| 005 | 20160430120227.0 | ||
| 008 | 160430b xxu||||| |||| 00| 0 eng d | ||
| 020 | _a81-203-0193-5 | ||
| 041 | _aeng | ||
| 082 | _b1057 | ||
| 100 |
_aEtzioni Amitai _9334 |
||
| 245 | _aMordern Organisation | ||
| 260 |
_aDelhi _bPrectice hall India, _c2003 |
||
| 300 | _a119 | ||
| 650 |
_aManagement _9241 |
||
| 942 | _cBK | ||
| 999 |
_c387 _d387 |
||